[Event "FRA-ch Youth U16 2018"]
[Site "Agen"]
[Date "2018.04.16"]
[Round "2"]
[White "Lemire, Salomee"]
[Black "Bellahcene, Meriem"]
[Result "0-1"]
[WhiteElo "1530"]
[BlackElo "1862"]
[Annotator "NA RC"]
[PlyCount "100"]
[EventDate "2018.??.??"]
[EventType "swiss"]
[EventCountry "FRA"]
[SourceTitle "playchess.com"]
[Source "ChessBase"]
[SourceQuality "1"]
[TimeControl "5400+30"]

{[%evp 15,92,40,33,36,32767,32767,8,0,14,32767,32767,32767,32767,32767,32767,32767,32767,32767,32767,32767,32767,-160,-38,-105,-99,-104,-88,-130,32767,32767,32767,32767,-135,-152,32767,-176,-176,-188,-204,-199,-203,-201,-215,32767,-222,-269,-278,-271,-277,-272,-282,-279,-258,-285,-258,-242,-258,-241,-269,32767,-296,-308,-273,-1058,-239,-195,-217,-343,32767,-267,-357,-389,-447,-504,-483,-397,-365,-369,-444]} 1. e4 {[%emt 0:00:00]} c5 {[%emt 0:00:04]} 2. Nf3 {[%emt 0:00:00]} Nc6 {[%emt 0:00:05]} 3. d4 {[%emt 0:00:00]} cxd4 {[%emt 0:00:11]} 4. Nxd4 {[%emt 0:00:00]} g6 {[%emt 0:00:19]} 5. Nc3 {[%emt 0:00:03]} Bg7 6. Be3 {[%emt 0:00:11]} Nf6 {[%emt 0:00:59]} 7. Bc4 {[%emt 0:00:25]} Qa5 {[%emt 0:00:56]} 8. O-O {[%emt 0:03:51]} O-O {[%emt 0:00:28]} 9. Bb3 {[%emt 0:09:06] LiveBook: 604 Games} d6 {[%emt 0:00:41]} 10. Qd2 {[%emt 0:05:35]} Ng4 {[%emt 0:04:23]} (10... Nxd4 $15 11. Qxd4 Ng4) 11. Nxc6 {[%emt 0:03:55]} bxc6 {[%emt 0:00:21]} 12. Nd5 {[%emt 0:08:11]} Qd8 {[%emt 0:02:07]} 13. Nc3 {[%emt 0:04:45]} Nxe3 {[%emt 0:02:39]} 14. Qxe3 {[%emt 0:00:27]} Qb6 {[%emt 0:06:58] B70: Sicilian Dragon: 6 g3 and 6 Be2 (without a later Be3)} (14... a5 15. f4 Rb8 16. Kh1 Ba6 17. Rfe1 c5 18. e5 c4 19. Ba4 Rxb2 20. Rad1 Bb7 21. exd6 exd6 22. Nb5 {0-1 (31) Torres,F (1974)-Kantans,T (2338) Caldas Novas 2011}) 15. Qd2 $146 {[%emt 0:13:47]} ({Find the theoretical novelty and annotate with similar games:} 15. Qg3 Bb7 16. Nd1 d5 17. exd5 cxd5 18. c3 Rad8 19. Kh1 e5 20. f4 e4 21. Ne3 a5 22. f5 Qd6 23. fxg6 hxg6 24. Qf2 Qe7 25. Nc2 Qd7 26. Nd4 Ba6 27. Rfe1 {½-½ (25) Baiburin,I (2010)-Foniak,I (2032) Sterlitamak 2010}) 15... Rb8 {[%emt 0:05:50]} 16. Kh1 {[%emt 0:05:57]} Ba6 {[%emt 0:03:56]} 17. Rfe1 {[%emt 0:04:15]} Qd4 {[%emt 0:05:13]} 18. Qg5 {[%emt 0:04:22]} (18. Qxd4 $142 Bxd4 19. Kg1) 18... Bf6 {[%emt 0:11:13]} (18... Qxf2 $17 19. Qxe7 Be5) 19. Qa5 {[%emt 0:02:44]} ({White should play} 19. Qg3 $15) 19... Qb6 {[%emt 0:03:54]} 20. Qxb6 {[%emt 0:00:08]} Rxb6 {[%emt 0:02:03]} 21. Re3 {[%emt 0:01:29]} e6 {[%emt 0:10:43]} 22. Rf3 {[%emt 0:10:11]} Bg7 {[%emt 0:00:36]} 23. Rd1 {[%emt 0:04:37]} d5 {[%emt 0:01:31]} 24. exd5 {[%emt 0:00:35]} cxd5 {[%emt 0:00:14]} 25. Rd2 {[%emt 0:06:40]} Rc8 {[%emt 0:01:46]} 26. Na4 {[%emt 0:04:26]} Rbc6 {[%emt 0:00:56]} 27. Nc3 {[%emt 0:01:59]} Bxc3 {[%emt 0:00:25]} 28. bxc3 {[%emt 0:00:37]} Rxc3 {[%emt 0:00:07]} 29. Rf4 {[%emt 0:00:38]} Bc4 {[%emt 0:02:31]} 30. Bxc4 {[%emt 0:01:10]} R8xc4 {[%emt 0:00:58]} 31. Rxc4 {[%emt 0:00:11]} Rxc4 {[%emt 0:00:03]} 32. g3 {[%emt 0:00:29]} Kf8 {[%emt 0:02:52]} 33. Kg2 {[%emt 0:00:47]} Ke7 {[%emt 0:00:06]} 34. Kf3 {[%emt 0:00:41]} Rc3+ {[%emt 0:00:31]} 35. Rd3 {[%emt 0:00:58]} Rxc2 {[%emt 0:00:10]} 36. Ra3 {[%emt 0:00:06]} Rc7 {[%emt 0:00:10]} 37. Kf4 {[%emt 0:00:19]} Kf6 {[%emt 0:01:24]} 38. Ke3 {[%emt 0:01:05]} Ke5 {[%emt 0:02:53]} 39. g4 $2 {[%emt 0:02:23]} (39. Ra4) 39... f5 $2 {[%emt 0:01:23]} (39... Rc3+ 40. Rxc3 d4+ 41. Ke2 dxc3) 40. f4+ {[%emt 0:00:24] [#]} Kd6 $1 {[%emt 0:06:14]} 41. g5 {[%emt 0:00:21]} Rc2 {[%emt 0:03:59]} 42. Ra6+ {[%emt 0:01:12]} (42. Rxa7 $142 Rxh2 43. a4) 42... Kc5 {[%emt 0:00:49]} 43. h4 {[%emt 0:01:05]} d4+ {[%emt 0:03:43]} 44. Kf3 {[%emt 0:00:54]} Rc3+ {[%emt 0:01:19]} 45. Ke2 {[%emt 0:00:17]} Re3+ {[%emt 0:00:42]} 46. Kd2 $19 {[%emt 0:00:28]} Rh3 {[%emt 0:01:08]} 47. Rxa7 {[%emt 0:00:44]} Rxh4 {[%emt 0:00:09]} 48. Ra5+ {[%emt 0:00:25]} Kc4 {[%emt 0:00:31]} 49. Ra4+ {[%emt 0:00:12]} Kd5 {[%emt 0:00:15]} 50. Ra5+ {[%emt 0:00:57]} Ke4 {[%emt 0:00:11]} 0-1